| 000 | 00693nam a2200217 a 4500 | ||
|---|---|---|---|
| 005 | 20250521063809.0 | ||
| 008 | 991125s2000 mx 000 0 spa u | ||
| 020 | _a9706630716 | ||
| 035 | _aUPN01000005901 | ||
| 049 | _aCG | ||
| 050 | 4 |
_aTX716 A1 _bC6 no.2 |
|
| 100 | 1 | _aLoreto López, Rosalva | |
| 245 | 1 | 3 |
_aUn bocado para los ángeles : _bla cocina conventual novohispana / _cRosalva Loreto López ; recetas de Ana Luisa Benítez Muro. |
| 260 |
_aMéxico : _bClío, _c2000. |
||
| 300 |
_a87 p. : _bfots. col |
||
| 440 | 0 |
_aCocina virreinal novohispana ; _v2 |
|
| 650 | 4 |
_aCocina _99092 |
|
| 650 | 4 |
_aCocina mexicana _99233 |
|
| 700 | 1 |
_aBenítez Muro, Ana Luisa, _ecoaut. |
|
| 905 | _aLibro | ||
| 999 |
_c5901 _d5901 |
||